000 01252cam a2200169 4500500
005 20260111093951.0
041 _afre
042 _adc
100 1 0 _aUngan, Umut
_eauthor
245 0 0 _aLes Écrits de Kracauer sur la propagande, Olivier Agard, L’Éclat, 2019, 120 p., 7 €
260 _c2021.
500 _a97
520 _aLa culture juive, comme la littérature rabbinique, véhiculent des conceptions alternatives de l’homme, qui font office de « masculinités de résistance » face aux modèles occidentaux. Or l’État d’Israël paraît rompre avec cet héritage pour embrasser des idéaux conventionnels de virilité, marqués par trois figures symboliques : le soldat, le pionnier et le chef.
520 _aJewish culture and rabbinical literature convey alternative conceptions of man, which act as “masculinities of resistance” against Western models. However, the State of Israel appears to be breaking with this heritage to embrace conventional ideals of virility, marked by three symbolic figures: the soldier, the pioneer and the leader.
786 0 _nEsprit | Avril | 4 | 2021-03-23 | p. 183v-183v | 0014-0759
856 4 1 _uhttps://shs.cairn.info/revue-esprit-2021-4-page-183v?lang=fr&redirect-ssocas=7080
999 _c1627701
_d1627701